000
00330 a2200157 4500
001
179226
020
_a
040
_c
Magnum
100
_a
França, Mary
240
1
0
_a
Nem aqui, nem ali !
_l
por
245
1
0
_a
Nem aqui, nem ali !
362
0
_a
1899
440
1
_a
Ática
697
_a
MAGNITO: I/FADAS, FANTASIA
942
_c
BK
999
_c
179226
_d
179226